000 01802nam a2200517 4500
001 22314
003 VRT
005 20260326091502.0
008 191125s2019 xo o g 000 0bslo c
020 _a9788055169934
_q(viazané)
035 _aa000649611
039 9 _a202210111346
_bAUTHORITY
_c202003131027
_ddrlickoj
_c202003110943
_dfuskovaz
_c201911250930
_dgarajovk
040 _aPPPK
_bslo
_cPPPK
_dUKB
_erda
041 0 _aslo
043 _ae-xo---
044 _axo
_cSK
072 7 _a343
_xTrestné právo
_2konspekt
072 7 _a929
_xBiografie
_2konspekt
080 _a343.3/.7
_22011
080 _a343.9.02
_22011
080 _a343.163
_22011
080 _a(437.6)
_22011
080 _a(092)
_22011
080 _a929
_22011
100 1 _aLacková, Ľudmila,
_d1965-
_4aut
245 1 0 _aProti zločinu
_bskutočný príbeh prokurátorky Evy Mišíkovej
_cĽudmila Lacková
246 3 0 _aSkutočný príbeh prokurátorky Evy Mišíkovej
250 _aPrvé vydanie
264 1 _aBratislava
_bIkar
_c2019
300 _a206 strán
_bfotografie (prevažne farebné)
_c21 cm
336 _atext
_btxt
_2rdacontent
337 _abez média
_bn
_2rdamedia
338 _azväzok
_bnc
_2rdacarrier
600 1 7 _aMišíková, Eva,
_d1949-
_2UKBPH
610 1 7 _aSlovensko
_xGenerálna prokuratúra
_2UKBPH
650 0 7 _aorganizovaná kriminalita
_2UKBPH
650 0 7 _aboj proti organizovanej kriminalite
_2UKBPH
650 0 7 _aprokurátori
_zSlovensko
_y20.-21. storočie
_2UKBPH
655 7 _abiografie
_2UKBPH
942 _2ddc
_cKLDO
_n0
949 _61800807197
_aSJ.D.22750
_bPV.2019-18968
949 _61800807198
_aSK.D.89781
_bPV.2019-18969
_s6707:20200602
980 _aIKAR, a.s., Miletičova 23, 821 09 Bratislava
982 _aPNL
999 _c22314
_d22314